La consagración de la primavera /
Guardado en:
| Autor Principal: | |
|---|---|
| Formato: | Libro |
| Publicado: |
Madrid :
Siglo XXI,
1980.
|
| Edición: | 11a. ed. |
| Materias: | |
| Etiquetas: |
Agregar Etiqueta
Sin Etiquetas, Sea el primero en etiquetar este registro!
|
| LEADER | 00562nam a22001815a 4500 | ||
|---|---|---|---|
| 001 | EHU.bham043390 | ||
| 008 | 130507s1980##################000#0#####d | ||
| 005 | 20260330102016.0 | ||
| 245 | 1 | 0 | |a La consagración de la primavera / |c Alejo Carpentier. |
| 250 | |a 11a. ed. | ||
| 260 | |a Madrid : |b Siglo XXI, |c 1980. | ||
| 300 | |a 576 p. | ||
| 020 | |a 843230333X | ||
| 100 | 1 | |a Carpentier, Alejo | |
| 082 | C | u | |a Cu863.4 C227-22 |
| 653 | |a Novela cubana-1930-1980 | ||
| 653 | |a Literatura cubana-1930-1980 | ||
| 859 | |a AR-BHAM |b BIB. HUMANIDADES - General |h Cu863.4 |i C227-22 |k Cu |p 343.15 |t Ej.1 | ||
